| 000 | 00783nam a22002175a 4500 | ||
|---|---|---|---|
| 003 | OSt | ||
| 005 | 20170321103530.0 | ||
| 008 | 170313s2014 ua frb 000 0 ara d | ||
| 015 | _a2014 / 17054 | ||
| 040 |
_aEG-ScBUE _bara _cEG-ScBUE |
||
| 082 | 0 | 4 |
_a343.097 _bس ل ا _222 |
| 100 | 1 | _aسلام، أحمد رشاد. | |
| 245 | 1 | 2 |
_aالتحكيم في منازعات القانون الجوي / _cأحمد رشاد سلام. |
| 260 |
_aالقاهرة : _bدار النهضة العربية، _c[2014] |
||
| 300 |
_a303 ص. ؛ _c24 سم. |
||
| 504 | _aيشتمل على إرجاعات ببليوجرافية. | ||
| 650 | 7 |
_2BUEsh _aالنقل الجوي (قانون دولي) |
|
| 650 | 7 |
_2BUEsh _aالتحكيم الدولي. _941124 |
|
| 653 |
_bLLAAWW _cMarch2017 |
||
| 942 | _2ddc | ||
| 999 |
_c24498 _d24470 |
||